[Event "Europe Echecs Blitz Nov op"]
[Site "Europe Echecs INT"]
[Date "2020.11.08"]
[Round "3"]
[White "Dubois, Herve"]
[Black "Pira, Davoud"]
[Result "0-1"]
[WhiteElo "1836"]
[BlackElo "2286"]
[PlyCount "34"]
[EventDate "2020.11.08"]
[EventType "swiss (blitz)"]
[EventRounds "11"]
[EventCountry "FRA"]
[SourceTitle "CBM 199 Extra"]
[Source "ChessBase"]
[SourceDate "2021.01.31"]
[SourceVersion "1"]
[SourceVersionDate "2021.01.31"]
[SourceQuality "1"]

1. c4 c5 2. Nc3 Nc6 3. Nf3 e5 4. g3 g6 5. Bg2 Bg7 6. 0-0 Nge7 7. d3 d6 8. Bg5 f6 9. Bd2 0-0 10. Qc1 Be6 11. a3 Rc8 12. Bh6 d5 13. Bxg7 Kxg7 14. cxd5 Nxd5 15. Nd2 Nd4 16. e3 Nxc3 17. Re1 Nce2+ 0-1

[Event "Europe Echecs online op March"]
[Site "Europe Echecs INT"]
[Date "2020.03.28"]
[Round "5"]
[White "Dardha, Daniel"]
[Black "Pira, Davoud"]
[Result "1-0"]
[WhiteElo "2468"]
[BlackElo "2314"]
[PlyCount "59"]
[EventDate "2020.03.28"]
[EventType "swiss (blitz)"]
[EventRounds "9"]
[EventCountry "FRA"]
[SourceTitle "EXT 2021"]
[Source "ChessBase"]
[SourceDate "2020.10.23"]
[SourceVersion "1"]
[SourceVersionDate "2020.10.23"]
[SourceQuality "1"]

1. Nf3 c5 2. e4 e6 3. d4 cxd4 4. Nxd4 Nc6 5. Nc3 Qc7 6. g3 a6 7. Bg2 Nf6 8. 0-0 h6 9. Re1 Nxd4 10. Qxd4 Bc5 11. Bf4 d6 12. Qd2 e5 13. Be3 Be6 14. Rad1 Rd8 15. h3 0-0 16. f4 exf4 17. gxf4 Rfe8 18. Kh1 b5 19. f5 Bc8 20. Bxh6 gxh6 21. Qxh6 Qe7 22. Rg1 Bxg1 23. Rxg1 Ng4 24. Bf3 Bxf5 25. exf5 Qe1 26. Qg5+ Kf8 27. Rxe1 Rxe1+ 28. Kg2 Ne3+ 29. Kf2 Nxc2 30. Qxd8+ 1-0

[Event "Tehran Paytakht Cup 2nd"]
[Site "Tehran"]
[Date "2017.10.27"]
[Round "4"]
[White "Pira, Davoud"]
[Black "Darini, Pouria"]
[Result "0-1"]
[WhiteElo "2332"]
[BlackElo "2481"]
[PlyCount "132"]
[EventDate "2017.10.24"]
[EventType "swiss"]
[EventRounds "9"]
[EventCountry "IRI"]
[SourceTitle "CBM 181 Extra"]
[Source "ChessBase"]
[SourceDate "2017.12.12"]
[SourceVersion "1"]
[SourceVersionDate "2017.12.12"]
[SourceQuality "1"]

1. d4 Nf6 2. Nf3 g6 3. g3 Bg7 4. Bg2 0-0 5. 0-0 d6 6. Nc3 d5 7. Ne5 c6 8. e4 dxe4 9. Nxe4 Nxe4 10. Bxe4 Bh3 11. Re1 Nd7 12. Nxd7 Qxd7 13. c3 Rfe8 14. f4 h5 15. Be3 Rad8 16. Qa4 a6 17. Rad1 e6 18. b4 Bf6 19. Qc2 a5 20. a3 Kg7 21. Rb1 axb4 22. axb4 h4 23. Ra1 Bf5 24. Ra7 hxg3 25. hxg3 Rh8 26. Kg2 Rh5 27. Rh1 Rdh8 28. Rxh5 gxh5 29. Bf2 h4 30. Qd3 hxg3 31. Bxg3 Rh6 32. Qf3 Rg6 33. Kf2 Bxd4+ 34. cxd4 Qxd4+ 35. Qe3 Qb2+ 36. Qe2 Qd4+ 37. Qe3 Qb2+ 38. Qe2 Qxe2+ 39. Kxe2 Bxe4 40. Bf2 Rg4 41. Ke3 Bd5 42. Rxb7 Kg6 43. b5 cxb5 44. Rxb5 Kf5 45. Rb4 Rg2 46. Rd4 Rh2 47. Ke2 f6 48. Ke3 Kg4 49. Ke2 f5 50. Ke3 Rh3+ 51. Kd2 Be4 52. Rd6 Kf3 53. Bd4 Kxf4 54. Bb2 e5 55. Re6 Rh2+ 56. Kc3 Bd5 57. Rd6 Ke4 58. Bc1 f4 59. Ra6 Rh3+ 60. Kc2 Bb3+ 61. Kb2 Bc4 62. Rc6 Kd4 63. Rd6+ Bd5 64. Bd2 Rh2 65. Kc2 e4 66. Rf6 e3 0-1

[Event "Avicenna op 14th"]
[Site "Hamedan"]
[Date "2017.08.25"]
[Round "6"]
[White "Pira, Davoud"]
[Black "Daghli, Arash"]
[Result "0-1"]
[WhiteElo "2354"]
[BlackElo "2261"]
[PlyCount "88"]
[EventDate "2017.08.21"]
[EventType "swiss"]
[EventRounds "9"]
[EventCountry "IRI"]
[SourceTitle "CBM 180 Extra"]
[Source "ChessBase"]
[SourceDate "2017.10.06"]
[SourceVersion "1"]
[SourceVersionDate "2017.10.06"]
[SourceQuality "1"]

1. Nf3 Nf6 2. g3 g6 3. Bg2 Bg7 4. d4 0-0 5. 0-0 d6 6. Nc3 Nbd7 7. e4 e5 8. h3 Re8 9. a4 c6 10. Re1 Qc7 11. Be3 b6 12. Qd2 Bb7 13. Bh6 a6 14. Bxg7 Kxg7 15. Nh4 b5 16. Rad1 b4 17. Nb1 c5 18. dxe5 dxe5 19. Qg5 Kh8 20. Nd2 Bc6 21. b3 Ng8 22. Nc4 Nf8 23. Nf3 f6 24. Qc1 Red8 25. Nh2 Ne6 26. Ng4 Nd4 27. Qb2 Rab8 28. Rd3 Kg7 29. Qc1 h5 30. Nh2 Ne7 31. Kh1 Bd7 32. f4 Be6 33. fxe5 fxe5 34. Nf3 Bxc4 35. bxc4 Nec6 36. c3 Ne2 37. Qd2 Rxd3 38. Qxd3 Nxc3 39. Qe3 Qe7 40. Nh4 Rf8 41. Bf3 Nd4 42. Kg2 Nc2 43. Qd2 Nxe1+ 44. Qxe1 Qg5 0-1

[Event "Avicenna op 14th"]
[Site "Hamedan"]
[Date "2017.08.22"]
[Round "2"]
[White "Pira, Davoud"]
[Black "Sanikidze, Tornike"]
[Result "0-1"]
[WhiteElo "2354"]
[BlackElo "2533"]
[PlyCount "120"]
[EventDate "2017.08.21"]
[EventType "swiss"]
[EventRounds "9"]
[EventCountry "IRI"]
[SourceTitle "CBM 180 Extra"]
[Source "ChessBase"]
[SourceDate "2017.10.06"]
[SourceVersion "1"]
[SourceVersionDate "2017.10.06"]
[SourceQuality "1"]

1. d4 Nf6 2. Nf3 d5 3. c4 e6 4. Nc3 dxc4 5. Qa4+ Nbd7 6. e4 a6 7. Bxc4 Rb8 8. Qc2 b5 9. Be2 Bb7 10. e5 Nd5 11. 0-0 c5 12. dxc5 Nxc5 13. Rd1 Qc8 14. Nxd5 Bxd5 15. Be3 Na4 16. Qd2 Be7 17. Rac1 Qb7 18. b3 Nb6 19. Qd4 0-0 20. Qg4 Rfc8 21. h4 Nd7 22. h5 Rxc1 23. Rxc1 Rc8 24. Rd1 Qc7 25. Bf4 Nf8 26. Bh6 g6 27. Bf4 Be4 28. Bg5 Bc2 29. Rc1 Ba3 30. Rf1 gxh5 31. Qxh5 Bg6 32. Qh4 Nd7 33. Rd1 Nxe5 34. Bh6 Be7 35. Qd4 Bf6 36. Qd6 Qxd6 37. Rxd6 Rc6 38. Rd2 Ng4 39. Bg5 Rc1+ 40. Rd1 Rxd1+ 41. Bxd1 Bxg5 42. Nxg5 Ne5 43. a4 Kf8 44. Kf1 Ke7 45. Ke2 Kd6 46. Ke3 Kc5 47. axb5 axb5 48. f4 Nc6 49. f5 exf5 50. g3 Kb4 51. Be2 Na5 52. Kd4 Nxb3+ 53. Kd5 Nd2 54. Nh3 Ne4 55. Kc6 f6 56. Nf4 Be8+ 57. Kb6 Nxg3 58. Bd3 Kc3 59. Bxb5 Bxb5 60. Kxb5 Kd4 0-1

[Event "FRA-chT Top 12"]
[Site "Mulhouse"]
[Date "2011.06.01"]
[Round "7.4"]
[White "Pira, Davoud"]
[Black "Brunner, Nicolas"]
[Result "0-1"]
[WhiteElo "2403"]
[BlackElo "2450"]
[PlyCount "90"]
[EventDate "2011.05.26"]
[EventType "team-tourn"]
[EventRounds "11"]
[EventCountry "FRA"]
[SourceTitle "CBM 142 Extra"]
[Source "ChessBase"]
[SourceDate "2011.06.27"]
[SourceVersion "1"]
[SourceVersionDate "2011.06.27"]
[SourceQuality "1"]
[WhiteTeam "Lutece"]
[BlackTeam "Vandoeuvre"]
[WhiteTeamCountry "FRA"]
[BlackTeamCountry "FRA"]

1. d4 Nf6 2. Nf3 e6 3. e3 c5 4. Bd3 b6 5. 0-0 Bb7 6. Nbd2 Nc6 7. c4 Be7 8. b3 0-0 9. Bb2 cxd4 10. exd4 d5 11. Rc1 Rc8 12. Re1 Re8 13. Ne5 dxc4 14. Nxc6 Bxc6 15. bxc4 Qd7 16. Re3 Qb7 17. Qe2 b5 18. d5 bxc4 19. Nxc4 Bxd5 20. Rb1 Rb8 21. h4 Qc7 22. Rc1 Rbc8 23. Be5 Qd7 24. Rg3 Red8 25. Kh2 Bxc4 26. Rxc4 Rxc4 27. Bxc4 Bd6 28. f4 Bxe5 29. Qxe5 Qd4 30. Qc7 Qd6 31. Qa5 Ne4 32. Rg4 Rc8 33. Bb3 Nf2 34. Rxg7+ Kxg7 35. Qg5+ Kf8 36. Qh6+ Kg8 37. Qg5+ Kf8 38. Qh6+ Ke7 39. Qg5+ Kd7 40. Qb5+ Ke7 41. Qg5+ Kd7 42. Qb5+ Kc7 43. Qa5+ Kb8 44. Qb5+ Ka8 45. g3 f5 0-1

[Event "FRA-chT Top 12"]
[Site "Mulhouse"]
[Date "2011.05.28"]
[Round "3.5"]
[White "Pira, Davoud"]
[Black "Miton, Kamil"]
[Result "0-1"]
[WhiteElo "2403"]
[BlackElo "2619"]
[PlyCount "58"]
[EventDate "2011.05.26"]
[EventType "team-tourn"]
[EventRounds "11"]
[EventCountry "FRA"]
[SourceTitle "CBM 142 Extra"]
[Source "ChessBase"]
[SourceDate "2011.06.27"]
[SourceVersion "1"]
[SourceVersionDate "2011.06.27"]
[SourceQuality "1"]
[WhiteTeam "Lutece"]
[BlackTeam "Marseille Echecs"]
[WhiteTeamCountry "FRA"]
[BlackTeamCountry "FRA"]

1. d4 Nf6 2. Nf3 d5 3. c4 e6 4. Nc3 Bb4 5. e3 0-0 6. Bd3 c5 7. 0-0 Nc6 8. a3 Bxc3 9. bxc3 Qc7 10. cxd5 exd5 11. Bb2 c4 12. Bc2 Bg4 13. Qb1 Rfe8 14. Nd2 Bh5 15. Re1 Bg6 16. f3 b5 17. Bxg6 hxg6 18. e4 a5 19. Nf1 dxe4 20. fxe4 Rad8 21. Qc2 b4 22. axb4 axb4 23. Ng3 bxc3 24. Bxc3 Nxd4 25. Qb2 Nb3 26. Rad1 Qc5+ 27. Kh1 Ng4 28. Rxd8 Rxd8 29. Rf1 Nd2 0-1

[Event "FRA-chT1 0910"]
[Site "France"]
[Date "2009.11.21"]
[Round "4.3"]
[White "Pira, Davoud"]
[Black "Bedouin, Xavier"]
[Result "1/2-1/2"]
[WhiteElo "2382"]
[BlackElo "2351"]
[PlyCount "113"]
[EventDate "2009.09.27"]
[EventType "team-tourn"]
[EventRounds "11"]
[EventCountry "FRA"]
[SourceTitle "EXT 2011"]
[Source "ChessBase"]
[SourceDate "2010.11.26"]
[SourceVersion "1"]
[SourceVersionDate "2010.11.26"]
[SourceQuality "1"]

1. c4 Nf6 2. Nc3 d5 3. cxd5 Nxd5 4. Qb3 Nb6 5. Nf3 Nc6 6. e3 e5 7. d3 Be6 8. Qc2 Be7 9. a3 a5 10. b3 0-0 11. Bb2 f5 12. Be2 Bf6 13. 0-0 g5 14. Rfe1 g4 15. Nd2 Bg7 16. Rab1 Rf6 17. Bc1 Rh6 18. g3 Qg5 19. Nc4 Qh5 20. h4 Bf6 21. Kg2 f4 22. exf4 Nd4 23. Qd1 Nd5 24. Ne4 exf4 25. Bxf4 Nxf4+ 26. gxf4 Rf8 27. Rh1 Bxh4 28. Qd2 Qf5 29. Rbe1 Bd5 30. Bd1 Qxf4 31. Qxf4 Rxf4 32. Rxh4 Rxh4 33. Kg3 Rxe4 34. dxe4 Rh3+ 35. Kxg4 Be6+ 36. Kf4 a4 37. Ke5 Bxc4 38. bxc4 Nf3+ 39. Bxf3 Rxf3 40. Rb1 b6 41. Rd1 Rxf2 42. Rd7 Rf7 43. Ke6 Rf4 44. Ke5 Rf3 45. Rxc7 h5 46. Rc6 h4 47. Rxb6 h3 48. c5 Rxa3 49. c6 Rc3 50. Kd6 h2 51. Rb1 a3 52. c7 a2 53. Rf1 Kg7 54. e5 Rd3+ 55. Ke7 Rc3 56. Kd7 Rd3+ 57. Ke7 1/2-1/2

[Event "FRA-chT1 0910"]
[Site "France"]
[Date "2009.10.17"]
[Round "2.4"]
[White "Soupizon, Remi"]
[Black "Pira, Davoud"]
[Result "0-1"]
[WhiteElo "2047"]
[BlackElo "2382"]
[PlyCount "31"]
[EventDate "2009.09.27"]
[EventType "team-tourn"]
[EventRounds "11"]
[EventCountry "FRA"]
[SourceTitle "EXT 2011"]
[Source "ChessBase"]
[SourceDate "2010.11.26"]
[SourceVersion "1"]
[SourceVersionDate "2010.11.26"]
[SourceQuality "1"]

1. d4 Nf6 2. Nf3 e6 3. Bf4 b6 4. e3 Be7 5. Bd3 c5 6. c4 cxd4 7. exd4 0-0 8. d5 exd5 9. cxd5 Bb4+ 10. Kf1 Re8 11. a3 Bf8 12. d6 h6 13. Nc3 a6 14. Bc4 b5 15. Be2 Bb7 16. Ne5 0-1

[Event "FRA-chT1 0910"]
[Site "France"]
[Date "2009.10.04"]
[Round "1.3"]
[White "Fayard, Alain"]
[Black "Pira, Davoud"]
[Result "0-1"]
[WhiteElo "2276"]
[BlackElo "2382"]
[PlyCount "104"]
[EventDate "2009.09.27"]
[EventType "team-tourn"]
[EventRounds "11"]
[EventCountry "FRA"]
[SourceTitle "EXT 2011"]
[Source "ChessBase"]
[SourceDate "2010.11.26"]
[SourceVersion "1"]
[SourceVersionDate "2010.11.26"]
[SourceQuality "1"]

1. d4 c5 2. d5 Nf6 3. c4 g6 4. Nc3 Bg7 5. Nf3 d6 6. e4 a6 7. Be2 0-0 8. 0-0 Bg4 9. Ne1 Bxe2 10. Qxe2 e6 11. Bg5 h6 12. Bh4 exd5 13. exd5 Re8 14. Qf3 Nbd7 15. Nd3 Ne5 16. Nxe5 Rxe5 17. Rae1 Qe7 18. Qd1 Re8 19. f3 Qd7 20. Rxe5 Rxe5 21. Re1 Nh5 22. Qd2 g5 23. Bf2 f5 24. g3 Qe7 25. Ne2 Nf6 26. Nc1 Rxe1+ 27. Qxe1 Qxe1+ 28. Bxe1 b5 29. b3 bxc4 30. bxc4 Nd7 31. Nb3 Ne5 32. Nd2 Nd3 33. Kf1 Bc3 34. Ke2 Nc1+ 35. Kd1 Nxa2 36. g4 fxg4 37. fxg4 Be5 38. Bg3 Bxg3 39. hxg3 Kf7 40. Ne4 Ke7 41. Kc2 Nb4+ 42. Kb3 Nd3 43. Kc3 Ne5 44. Nf2 a5 45. Kb3 Kd7 46. Ne4 Nxg4 47. Ka4 Ne5 48. Kb5 a4 49. Kxa4 Nxc4 50. Nf6+ Ke7 51. Ng8+ Kf8 52. Nxh6 Ne3 0-1

[Event "FRA-chT Top 16 Gp Basse"]
[Site "Le Port Marly"]
[Date "2009.05.28"]
[Round "8"]
[White "Pira, Davoud"]
[Black "Postny, Evgeny"]
[Result "0-1"]
[WhiteElo "2388"]
[BlackElo "2648"]
[PlyCount "64"]
[EventDate "2009.05.28"]
[EventType "team-tourn"]
[EventRounds "11"]
[EventCountry "FRA"]
[SourceTitle "CBM 130 Extra"]
[Source "ChessBase"]
[SourceDate "2009.07.02"]
[SourceVersion "2"]
[SourceVersionDate "2009.07.15"]
[SourceQuality "1"]

1. d4 Nf6 2. Nf3 d5 3. c4 c6 4. e3 Bg4 5. h3 Bh5 6. Nc3 e6 7. g4 Bg6 8. Ne5 Nbd7 9. h4 dxc4 10. h5 Nxe5 11. hxg6 Nxg6 12. Bxc4 Bb4 13. Bd2 Bxc3 14. Bxc3 Ne4 15. Qc2 Nxc3 16. bxc3 Qg5 17. Qe4 Qa5 18. Kd2 0-0-0 19. Kc2 Nf8 20. Rh5 Qc7 21. Qh1 Nd7 22. Rxh7 Rxh7 23. Qxh7 c5 24. dxc5 Qxc5 25. Bb3 Ne5 26. Qe4 Qb5 27. Re1 Nd3 28. Rb1 Nxf2 29. Bxe6+ fxe6 30. Rxb5 Nxe4 31. Re5 Nf6 32. g5 Rd5 0-1

[Event "Paris-ch op"]
[Site "Paris"]
[Date "2008.06.28"]
[Round "1"]
[White "Manoeuvre, Antoine"]
[Black "Pira, Davoud"]
[Result "0-1"]
[WhiteElo "2052"]
[BlackElo "2408"]
[PlyCount "98"]
[EventDate "2008.06.28"]
[EventType "swiss"]
[EventRounds "9"]
[EventCountry "FRA"]
[SourceTitle "EXT 2009"]
[Source "ChessBase"]
[SourceDate "2008.11.26"]
[SourceVersion "1"]
[SourceVersionDate "2008.11.26"]
[SourceQuality "1"]

1. d4 Nf6 2. c4 c5 3. d5 g6 4. Nc3 Bg7 5. Nf3 d6 6. e4 a6 7. Be2 0-0 8. 0-0 Bg4 9. Qc2 e6 10. a4 exd5 11. cxd5 Re8 12. h3 Bxf3 13. Bxf3 b6 14. Re1 Ra7 15. Bg5 Rae7 16. Qc1 Rb7 17. Be2 Qc7 18. Qf4 Nfd7 19. Rac1 f6 20. Bh6 g5 21. Qf3 Ne5 22. Qh5 Qf7 23. Bxg7 Kxg7 24. Qxf7+ Rxf7 25. Bh5 Nd3 26. Bxf7 Kxf7 27. Kf1 Nd7 28. Ke2 Nxc1+ 29. Rxc1 f5 30. f3 Kg6 31. b3 Nf6 32. Kd3 fxe4+ 33. fxe4 Nh5 34. Ne2 Rf8 35. Ke3 Nf6 36. Ng3 h5 37. Ne2 h4 38. Nc3 Nh5 39. Ne2 Ng3 40. Rg1 Nf1+ 41. Kd3 Rf2 42. Nc1 Ng3 43. Re1 Kf6 44. Kc3 Rxg2 45. e5+ dxe5 46. d6 Ke6 47. Rxe5+ Kxe5 48. d7 Ne4+ 49. Kc4 Rc2+ 0-1

[Event "FRA-chT2 Nord 0708"]
[Site "France"]
[Date "2008.04.05"]
[Round "10.2"]
[White "Pira, Davoud"]
[Black "Degraeve, Jean Pierre"]
[Result "0-1"]
[WhiteElo "2408"]
[BlackElo "2131"]
[PlyCount "112"]
[EventDate "2007.10.21"]
[EventType "team"]
[EventRounds "11"]
[EventCountry "FRA"]
[SourceTitle "EXT 2009"]
[Source "ChessBase"]
[SourceDate "2008.11.26"]
[SourceVersion "1"]
[SourceVersionDate "2008.11.26"]
[SourceQuality "1"]
[WhiteTeam "Rueil Malmaison"]
[BlackTeam "Neuville en Ferrain"]
[WhiteTeamCountry "FRA"]
[BlackTeamCountry "FRA"]

1. d4 d5 2. c4 c6 3. Nf3 Nf6 4. Nc3 e6 5. Bg5 h6 6. Bxf6 Qxf6 7. e3 Nd7 8. Rc1 g6 9. Be2 Bg7 10. 0-0 0-0 11. b4 Qe7 12. cxd5 cxd5 13. Qb3 Nb8 14. Na4 Nc6 15. b5 Na5 16. Qc3 b6 17. Ne5 Bxe5 18. dxe5 Bb7 19. Qd4 Rfc8 20. h4 Rxc1 21. Rxc1 Rc8 22. Rxc8+ Bxc8 23. Bd3 Bd7 24. Qf4 Qa3 25. Bf1 Qc1 26. Qb4 Nc4 27. Qc3 Qxc3 28. Nxc3 Nxe5 29. a4 Bc8 30. f4 Nd7 31. Bd3 Nc5 32. Bc2 Kg7 33. Ne2 f6 34. Nd4 Bd7 35. Nf3 a6 36. Nd4 e5 37. Nc6 Bxc6 38. bxc6 Ne6 39. Kf2 e4 40. f5 gxf5 41. Bb3 Nc7 42. Kg3 Kg6 43. Kf4 Ne6+ 44. Kg3 f4+ 45. exf4 Nc7 46. Kf2 f5 47. Ke3 Kf6 48. Bd1 Ke6 49. g4 fxg4 50. Bxg4+ Kd6 51. Kd4 b5 52. a5 b4 53. Be2 Kxc6 54. f5 Kd6 55. f6 Ke6 56. Kc5 b3 0-1

[Event "FRA-chT1B 0607"]
[Site "France"]
[Date "2007.03.10"]
[Round "10.1"]
[White "Pira, Davoud"]
[Black "Lazarev, Vladimir"]
[Result "0-1"]
[WhiteElo "2416"]
[BlackElo "2509"]
[PlyCount "76"]
[EventDate "2006.10.15"]
[EventType "team"]
[EventRounds "11"]
[EventCountry "FRA"]
[SourceTitle "EXT 2008"]
[Source "ChessBase"]
[SourceDate "2007.11.25"]
[SourceVersion "1"]
[SourceVersionDate "2007.11.25"]
[SourceQuality "1"]
[WhiteTeam "Lutece"]
[BlackTeam "Lyon Olympique"]
[WhiteTeamCountry "FRA"]
[BlackTeamCountry "FRA"]

1. d4 Nf6 2. Nf3 d5 3. c4 e6 4. Nc3 Bb4 5. e3 c5 6. Bd3 0-0 7. 0-0 dxc4 8. Bxc4 Qe7 9. Na4 cxd4 10. exd4 Nc6 11. a3 Ba5 12. b4 Bc7 13. b5 Na5 14. Bd3 h6 15. Re1 b6 16. Ne5 Bb7 17. Nc3 Rfd8 18. Bc2 Bxe5 19. Rxe5 Rac8 20. Qd3 Qc7 21. Re3 Qc4 22. Rg3 Rxd4 23. Qe3 Rg4 24. Bb2 Rxg3 25. Qxg3 Qg4 26. Qxg4 Nxg4 27. Rd1 Nf6 28. Bb1 Kf8 29. f3 Ke8 30. a4 Nc4 31. Bc1 Nd5 32. Ne4 f5 33. Nd2 Nc3 34. Nxc4 Rxc4 35. Bd3 Rxa4 36. Re1 Kf7 37. Bd2 Rd4 38. Bxf5 Rxd2 0-1

[Event "FRA-chT1B 0607"]
[Site "France"]
[Date "2007.01.21"]
[Round "6.1"]
[White "Pira, Davoud"]
[Black "Williams, Simon Kim"]
[Result "1-0"]
[WhiteElo "2395"]
[BlackElo "2483"]
[PlyCount "53"]
[EventDate "2006.10.15"]
[EventType "team"]
[EventRounds "11"]
[EventCountry "FRA"]
[SourceTitle "EXT 2008"]
[Source "ChessBase"]
[SourceDate "2007.11.25"]
[SourceVersion "1"]
[SourceVersionDate "2007.11.25"]
[SourceQuality "1"]
[WhiteTeam "Lutece"]
[BlackTeam "Avignon"]
[WhiteTeamCountry "FRA"]
[BlackTeamCountry "FRA"]

1. d4 e6 2. Nf3 f5 3. d5 exd5 4. Qxd5 d6 5. g3 Nf6 6. Qb3 Na6 7. c4 Nc5 8. Qc2 g6 9. Bg2 Bg7 10. 0-0 0-0 11. b4 Nce4 12. Bb2 Qe7 13. Nc3 c6 14. Rad1 Bd7 15. Nxe4 fxe4 16. Ng5 e3 17. f4 a5 18. b5 Bf5 19. Qb3 a4 20. Qa3 c5 21. h3 h6 22. Nf3 Ne4 23. Bxg7 Qxg7 24. g4 Nc3 25. gxf5 Nxe2+ 26. Kh2 gxf5 27. Rxd6 1-0

[Event "FRA-chT1B 0607"]
[Site "France"]
[Date "2007.01.20"]
[Round "5.2"]
[White "Pira, Davoud"]
[Black "Ninov, Nikolai"]
[Result "0-1"]
[WhiteElo "2395"]
[BlackElo "2546"]
[PlyCount "86"]
[EventDate "2006.10.15"]
[EventType "team"]
[EventRounds "11"]
[EventCountry "FRA"]
[SourceTitle "EXT 2008"]
[Source "ChessBase"]
[SourceDate "2007.11.25"]
[SourceVersion "1"]
[SourceVersionDate "2007.11.25"]
[SourceQuality "1"]
[WhiteTeam "Lutece"]
[BlackTeam "Hyeres"]
[WhiteTeamCountry "FRA"]
[BlackTeamCountry "FRA"]

1. d4 Nf6 2. Nf3 e6 3. Bg5 c5 4. e3 h6 5. Bh4 cxd4 6. exd4 Qb6 7. Bxf6 Qxb2 8. Nbd2 gxf6 9. Rb1 Qxa2 10. Bc4 Qa5 11. d5 Na6 12. 0-0 Nc5 13. dxe6 fxe6 14. Nh4 h5 15. Be2 Kd8 16. Ng6 Rg8 17. Nxf8 Rxf8 18. Bxh5 Qc3 19. Nb3 Rh8 20. Bf3 Ke7 21. Re1 Nxb3 22. Rxb3 Qc7 23. g3 a5 24. Qd3 a4 25. Qg6 axb3 26. Qg7+ Kd6 27. Rd1+ Kc5 28. Qxh8 bxc2 29. Rc1 Ra2 30. Qxf6 d5 31. h4 e5 32. Qf8+ Kc4 33. Bd1 Kb5 34. Be2+ Ka4 35. h5 Qc3 36. Qe8+ Ka3 37. Kg2 Kb2 38. Rxc2+ Qxc2 39. Qxe5+ Kb1 40. Kf3 Qxe2+ 41. Qxe2 Bg4+ 42. Kxg4 Rxe2 43. Kf3 Re8 0-1

[Event "FRA-chT1B 0607"]
[Site "France"]
[Date "2006.11.25"]
[Round "2.1"]
[White "Charnushevich, Aliaksei"]
[Black "Pira, Davoud"]
[Result "1-0"]
[WhiteElo "2526"]
[BlackElo "2398"]
[PlyCount "77"]
[EventDate "2006.10.15"]
[EventType "team"]
[EventRounds "11"]
[EventCountry "FRA"]
[SourceTitle "EXT 2008"]
[Source "ChessBase"]
[SourceDate "2007.11.25"]
[SourceVersion "1"]
[SourceVersionDate "2007.11.25"]
[SourceQuality "1"]
[WhiteTeam "Besancon TPG"]
[BlackTeam "Lutece"]
[WhiteTeamCountry "FRA"]
[BlackTeamCountry "FRA"]

1. d4 Nf6 2. c4 c5 3. e3 g6 4. Nf3 Bg7 5. Be2 0-0 6. 0-0 b6 7. Nc3 d6 8. Re1 a6 9. Bf1 e6 10. e4 cxd4 11. Nxd4 Bb7 12. Bg5 h6 13. Bh4 Qc7 14. Qd2 Nbd7 15. Rad1 Rad8 16. Nc2 Ne5 17. Bxf6 Bxf6 18. Qxh6 Nxc4 19. Bxc4 Qxc4 20. Ne3 Qc5 21. Ng4 Bg5 22. b4 Bxh6 23. Nxh6+ Kg7 24. bxc5 Kxh6 25. cxd6 e5 26. Na4 Rfe8 27. Nxb6 Re6 28. Nc4 Bc6 29. f3 Bb5 30. Ne3 f6 31. Kf2 Rexd6 32. Rxd6 Rxd6 33. Rd1 Rb6 34. Rc1 Rd6 35. Rc7 Rd2+ 36. Kg3 Bd7 37. Nd5 Bc6 38. Nxf6 Ba4 39. Ng4+ 1-0

[Event "Paris-ch"]
[Site "Paris"]
[Date "2006.07.12"]
[Round "1"]
[White "Do Huu Thuy, Trang"]
[Black "Pira, Davoud"]
[Result "0-1"]
[WhiteElo "2170"]
[BlackElo "2386"]
[PlyCount "47"]
[EventDate "2006.07.08"]
[EventType "swiss"]
[EventRounds "9"]
[EventCountry "FRA"]
[SourceTitle "EXT 2007"]
[Source "ChessBase"]
[SourceDate "2006.11.23"]
[SourceVersion "1"]
[SourceVersionDate "2006.11.23"]
[SourceQuality "1"]

1. d4 Nf6 2. c3 b6 3. Bg5 Bb7 4. Bxf6 gxf6 5. Nd2 f5 6. Nh3 e6 7. e3 d6 8. Qh5 Nd7 9. Bb5 a6 10. Bxd7+ Qxd7 11. Rg1 0-0-0 12. 0-0-0 Kb8 13. Kb1 Rg8 14. Nf4 h6 15. g3 f6 16. d5 exd5 17. Ka1 c6 18. Nb3 Re8 19. Rge1 Ka7 20. Rd2 a5 21. Nd4 Rg5 22. Qd1 Rg7 23. Qc2 Re5 24. Red1 0-1

[Event "Paris-ch"]
[Site "Paris"]
[Date "2006.07.12"]
[Round "7"]
[White "Pira, Davoud"]
[Black "Guliyev, Namig"]
[Result "0-1"]
[WhiteElo "2386"]
[BlackElo "2543"]
[PlyCount "80"]
[EventDate "2006.07.08"]
[EventType "swiss"]
[EventRounds "9"]
[EventCountry "FRA"]
[SourceTitle "EXT 2007"]
[Source "ChessBase"]
[SourceDate "2006.11.23"]
[SourceVersion "1"]
[SourceVersionDate "2006.11.23"]
[SourceQuality "1"]

1. c4 e5 2. g3 Nf6 3. Bg2 Nc6 4. Nc3 Bb4 5. Nf3 0-0 6. 0-0 e4 7. Ng5 Bxc3 8. bxc3 Re8 9. f3 e3 10. d3 d5 11. cxd5 Nxd5 12. Ne4 f5 13. Qb3 Na5 14. Qa3 b6 15. c4 fxe4 16. cxd5 exf3 17. Rxf3 Bb7 18. Qc3 Bxd5 19. Bb2 Re7 20. Rxe3 Bxg2 21. Kxg2 c5 22. Rf1 Qd7 23. Rxe7 Qxe7 24. e4 Re8 25. Rf5 h6 26. h4 Kh7 27. Qc2 Nb7 28. Qf2 Nd8 29. Qf4 Ne6 30. Qg4 Qd7 31. Rd5 Qa4 32. Qf5+ Kg8 33. Qg6 Re7 34. Bf6 Rf7 35. Rd6 Rxf6 36. Qg4 Qxa2+ 37. Kh3 Qe2 38. Qf3 Kh7 39. Qg4 Kg8 40. h5 Ng5+ 0-1

[Event "Paris-ch"]
[Site "Paris"]
[Date "2006.07.12"]
[Round "4"]
[White "Pira, Davoud"]
[Black "Jankovic, Alojzije"]
[Result "1/2-1/2"]
[WhiteElo "2386"]
[BlackElo "2525"]
[PlyCount "105"]
[EventDate "2006.07.08"]
[EventType "swiss"]
[EventRounds "9"]
[EventCountry "FRA"]
[SourceTitle "EXT 2007"]
[Source "ChessBase"]
[SourceDate "2006.11.23"]
[SourceVersion "1"]
[SourceVersionDate "2006.11.23"]
[SourceQuality "1"]

1. d4 Nf6 2. Nf3 g6 3. g3 Bg7 4. Bg2 0-0 5. 0-0 d5 6. c4 dxc4 7. Na3 c3 8. bxc3 c5 9. e3 Nc6 10. Qe2 Bf5 11. Rd1 Qb6 12. Nd2 cxd4 13. cxd4 Rac8 14. Nb3 Na5 15. Nxa5 Qxa5 16. e4 Bg4 17. f3 Bd7 18. Qb2 Ba4 19. Rd3 Nd7 20. Be3 Nc5 21. Rd2 Ne6 22. Rc1 b5 23. e5 Rxc1+ 24. Qxc1 Nc7 25. Qc5 e6 26. Nc4 Qc3 27. Qxc7 bxc4 28. Kf2 Qb4 29. Bf1 c3 30. Rd3 Qb2+ 31. Be2 c2 32. Qxa7 Qxa2 33. Rc3 Qb2 34. Qc5 Rb8 35. Qa3 Bf8 36. Qxb2 Rxb2 37. Rc8 Kg7 38. d5 Ba3 39. dxe6 fxe6 40. Rc7+ Kf8 41. Rc3 Bb4 42. Rc4 Ke8 43. Rc8+ Kd7 44. Rc4 Bb5 45. Bc1 Bxc4 46. Bxb2 Bb3 47. Ke3 Kc6 48. f4 Bc5+ 49. Ke4 Bg1 50. h3 h5 51. g4 h4 52. Bf3 Kb6 53. Kd3 1/2-1/2